Top 10 Swedish Football Transfer Records - Statistics

General Stats
  • This quiz has been taken 193 times
    46 since last reset
  • The average score is 10 of 10
Answer Stats
Rank Name Joined Left Season Fee % Correct
1 Alexander Isak Newcastle United Real Sociedad 22/23 €70.00m
100%
3 Viktor Gyökeres Arsenal FC Sporting CP 25/26 €65.76m
100%
9 Viktor Gyökeres Sporting CP Coventry City 23/24 €24.00m
100%
2 Zlatan Ibrahimović FC Barcelona Inter Milan 09/10 €69.50m
100%
8 Zlatan Ibrahimović Inter Milan Juventus FC 06/07 €24.80m
100%
10 Zlatan Ibrahimović AC Milan FC Barcelona 11/12 €24.00m
100%
5 Dejan Kulusevski Juventus FC Atalanta BC 19/20 €39.00m
98%
7 Dejan Kulusevski Tottenham Hotspur Juventus FC 23/24 €30.00m
98%
6 Victor Lindelöf Manchester United SL Benfica 17/18 €35.00m
95%
4 Anthony Elanga Newcastle United Nottingham Forest 25/26 €61.40m
84%
No matching quizzes found
Score Distribution
Percent of People with Each Score
Percentile by Number Answered
Your Score History
You have not taken this quiz since the last reset